000 00637nam a2200193Ia 4500
003 GCL
008 140319s9999 xx 000 0 ara d
040 _aGCL /
_cGCL
082 0 4 _a920.71
_bا ت
100 1 _aابن الشاهين
245 1 0 _aتاريخ اسماء الثقات ممن نقل عنهم العلم /
_cابن الشاهين
700 1 _aعبدالمعطى امين قلعجى
260 _a[S.N] :
_bدار الكتب العلمية للنشر والتوزيع ،
_c1986
300 _a374 ص
490 _a
650 0 4 _aالعلماء المسلمون
650 0 4 _aالعلماء العرب
942 _2ddc
_cBK
999 _c48602
_d48602